00793cam a22001697a 4500003000500000005001700005008004100022010001000063011001000073035001000083040000900093100003800102245034900140260006100489300001000550650006300560CHAP20220329142140.0000117d1996 mx r 00010 spa d a79227 a80199 a90645 cCHAP00aZedillo Ponce de León, Ernesto. 0aAprovechamiento íntegro del comercio internacional :bdiscurso del Presidente de la República, Ernesto Zedillo, durante la ceremonia de clausura de la XLV Asamblea General Ordinaria del Consejo Empresarial Mexicano para Asuntos Internacionales, el 10 de septiembre de 1996, en Los Pinos, México, D.F.c/por Ernesto Zedillo Ponce de León aMéxico, D. F. :bPresidencia de la República,c1996. a10 p.14aComercio internacionalxDiscursos, ensayos y conferencias.